Acquisti più costosi - Liga Portugal - Statistics

Statistiche generali
  • Questo quiz è stato fatto 12 volte
  • Il punteggio medio è 6 su 20
Statistiche sulle risposte
Costo (M €) Da A Nazione Anno Calciatore % Corretto
44,25 River Plate Benfica Argentina 2022 Enzo Fernández
90%
34 Almería Benfica Uruguay 2020 Darwin Núñez
60%
15,40 Grêmio Porto Brasile 2021 Pepê
60%
20 Borussia Dortmund Benfica Germania 2020 Julian Weigl
50%
15,30 Shakhtar Donetsk Benfica Brasile 2022 David Neres
40%
19 Tokyo Verdy Porto Brasile 2008 Hulk
40%
22 Atletico Madrid Benfica Messico 2015 Raúl Jiménez
40%
20 Grêmio Benfica Brasile 2020 Éverton
30%
15 Manchester City Benfica Argentina 2020 Nicolás Otamendi
30%
15 Real Madrid Porto Brasile 2015 Casemiro
20%
16 Sporting Braga Benfica Portogallo 2016 Rafa Silva
20%
17 Gent Benfica Ucraina 2021 Roman Yaremchuk
20%
17 Napoli Benfica Brasile 2019 Carlos Vinícius
10%
20 Sporting Braga Porto Portogallo 2022 David Carmo
10%
16 Sporting Braga Sporting Lisbona Portogallo 2021 Paulinho
10%
18 Corinthians Benfica Brasile 2020 Pedrinho
10%
20 Real Madrid Benfica Spagna 2019 Raúl de Tomás
10%
20 Olympique Marsiglia Porto Francia/Repubblica Democratica del Congo 2015 Giannelli Imbula
0%
15 Friburgo Benfica Germania 2020 Luca Waldschmidt
0%
20 Atletico Madrid Porto Spagna 2017 Óliver Torres
0%
Nessun quiz corrispondente trovato
Distribuzione punteggi
Percentuale di utenti per punteggio
Percentile per numero di risposta
I tuoi punteggi nel tempo
Non hai fatto questo quiz